000 00807nam2a22002051 4500
001 RU\NLR\A1SV\107687
005 20251203152403.2
035 _a(NLR Aleph) 009789040
090 _a13486626
_c13486626
100 _a20101007d1923 u y0rusy50 ca
101 0 _arus
200 1 _a[Заседание четвертое
_e1 нояб. 1923 г.]
215 _a97-134 с.
461 1 _1001RU\NLR\A1SV\107684
_12000#$aБюллетень$fТретья Сессия ВЦИК X Созыва$v№ 3
_910128663
_aРСФСР (10). Центральный исполнительный комитет (3)
_cМ.
_d1923
_fТретья Сессия ВЦИК X Созыва
_nВЦИК
_tБюллетень
_v№ 3
801 0 _aRU
_bNLR
_c20101007
852 _aNLR
_j21/643-3
942 _cBOOK
980 _aA1SV
980 _aNB